| 000 | 00441nam a22001337a 4500 | ||
|---|---|---|---|
| 040 | _cNUST | ||
| 082 | _a200 THE | ||
| 100 |
_aHasham Hafeez _9109159 |
||
| 110 |
_aSupervisor: Dr. Shahbaz Abbas _9101665 |
||
| 245 | _aTH-SOF-2136-Exploring Consumers’ Perception in Technology Acceptance: A Case Study of Smart Geyser Technology (SGT) | ||
| 260 |
_aISLAMABAD: _bNUST COLLEGE OF EME, _c2023. |
||
| 650 |
_aMS-EM-20 _992085 |
||
| 942 |
_2ddc _cTHE |
||
| 999 |
_c593336 _d593336 |
||